Tiêu chuẩn nhà nước: Hệ bôi trơn thiết bị thủy lực khí nén: TCVN 2861- 79/ TCVN 2870- 79 /

Đã lưu trong:
书目详细资料
主要作者: Bộ cơ khí và luyện kim
格式: 图书
语言:Vietnamese
出版: H. : Khoa học và kỹ thuật Nhà nước , 1982
版:In lần thứ 1
主题:
标签: 添加标签
没有标签, 成为第一个标记此记录!
Thư viện lưu trữ: Thư viện Trường CĐ Kỹ Thuật Cao Thắng
LEADER 00853nam a2200217 a 4500
001 TVCDKTCT3601
003 Thư viện trường Cao đẳng Kỹ thuật Cao Thắng
005 20051006000000
008 051006
980 \ \ |a Thư viện Trường CĐ Kỹ Thuật Cao Thắng 
024 |a RG_1 #1 eb0 i1 
041 0 # |a vie 
082 # # |a 389.621.2 /   |b T309C-h 
100 1 # |a Bộ cơ khí và luyện kim 
245 0 0 |a Tiêu chuẩn nhà nước: Hệ bôi trơn thiết bị thủy lực khí nén: TCVN 2861- 79/ TCVN 2870- 79 /  |c Bộ cơ khí và luyện kim 
250 # # |a In lần thứ 1 
260 # # |a H. :  |b Khoa học và kỹ thuật Nhà nước ,  |c 1982 
300 # # |a 88tr. ;  |c 21cm 
650 # 4 |a Hệ thống bôi trơn 
650 # 4 |a Thủy lực 
650 # 4 |a Tiêu chuẩn kỹ thuật